000
00228nam a22001097a 4500
082
_a
808.3 ELI'M
100
_a
ELIOT, GEORGE
_9
349
245
_a
MIDDLE MARCH
260
_a
BOSTON
_b
HOUGHTON
_c
1956
300
_a
613P
942
_c
BK
999
_c
568121
_d
568121